No Qualms: (Record no. 589263)

000 -LEADER
fixed length control field 00360nam a22001337a 4500
020 ## - INTERNATIONAL STANDARD BOOK NUMBER
International Standard Book Number 9789699489006
082 ## - DEWEY DECIMAL CLASSIFICATION NUMBER
Classification number 823.092
Author Mark SYE
100 ## - MAIN ENTRY--PERSONAL NAME
Personal name Syed, Javaid Iqbal
245 ## - TITLE STATEMENT
Title No Qualms:
Remainder of title 'a real life story' /
Statement of responsibility, etc. Javaid Iqbal Syed
260 ## - PUBLICATION, DISTRIBUTION, ETC.
Place of publication, distribution, etc. Rawalpindi :
Name of publisher, distributor, etc. Roohani Arts Press,
Date of publication, distribution, etc. 2011.
300 ## - PHYSICAL DESCRIPTION
Extent 373p. ;
Dimensions 20 cm.
563 ## - BINDING INFORMATION
Binding note PBK.
942 ## - ADDED ENTRY ELEMENTS (KOHA)
Source of classification or shelving scheme
Koha item type Book
Holdings
Withdrawn status Lost status Source of classification or shelving scheme Damaged status Not for loan Permanent Location Current Location Shelving location Date acquired Source of acquisition Total Checkouts Full call number Barcode Date last seen Price effective from Koha item type
          Central Library (CL) Central Library (CL) Fiction 04/20/2022 Donation   823.092 SYE CL-D-1705 04/20/2022 04/20/2022 Book
© 2023 Central Library, National University of Sciences and Technology. All Rights Reserved.